| 000 | 01033nmc a2200361 a 4500 | ||
|---|---|---|---|
| 003 | AR-BaBNM | ||
| 005 | 20251128205959.0 | ||
| 008 | 268119s1993 ||||||||||||||000 | spa|| | ||
| 020 | _a84-7432-463-7 | ||
| 040 | _cAR-BaBNM | ||
| 100 | 1 | _aGadamer, Hans-Georg | |
| 245 | 1 | 0 |
_aPoema y diálogo _bensayos sobre los poetas alemanes más significativos del siglo XX |
| 250 | _a1ª ed. | ||
| 260 |
_aBarcelona _bGedisa _c1993 |
||
| 300 | 0 | _a159 p. | |
| 490 | 0 | _aHombre y sociedad. Cla.De.Ma | |
| 500 | 0 | _aContiene referencias bibliográficas en p. 159 | |
| 600 | 1 | 4 | _aHölderlin, Friedrich |
| 600 | 1 | 4 | _aGeorge, Stefan |
| 600 | 1 | 4 |
_aRilke, Rainer María _d1875-1926 |
| 600 | 1 | 4 | _aCelan, Paul |
| 600 | 1 | 4 | _aDomin, Hilde |
| 600 | 1 | 4 | _aMeister, Ernst |
| 650 | 4 | _aCRITICA LITERARIA | |
| 650 | 4 | _aLITERATURA ALEMANA | |
| 650 | 4 | _aTEORIA LITERARIA | |
| 650 | 4 | _aESCRITORES | |
| 655 | _aLITERATURA | ||
| 700 | 1 |
_aNajmías, Daniel _etraductor |
|
| 700 | 1 |
_aNavarro, Juan _etraductor |
|
| 942 | _cBK | ||
| 998 | _cMARTIN | ||
| 999 |
_c13581 _d13581 |
||